| 000 | 00590nam a2200193 4500 | ||
|---|---|---|---|
| 005 | 20241024150329.0 | ||
| 010 | _aENG-142420 | ||
| 020 |
_c820.00 _a9789390746866 |
||
| 035 | _aEN-125952 | ||
| 037 | _bDBAD | ||
| 082 | _a181.404 | ||
| 100 |
_aNwankwo, Chibuike Nnejiakolam _973395 |
||
| 245 |
_aThreefold Cord/ _bChibuike Nnejiakolam Nwankwo |
||
| 250 | _a First | ||
| 260 |
_bExceller Books _aKolkata _c2021 |
||
| 270 |
_bKolkata _e700056 _aG1, Dream Apartment, Degree College Road, Belgharia |
||
| 300 |
_a133p. _c23cm(pb) |
||
| 942 |
_2ddc _cEN _h181.404 _mNWA _e2021 |
||
| 999 |
_c206715 _d206715 |
||